| 000 | 00426 a2200157 4500 | ||
|---|---|---|---|
| 999 |
_c321327 _d321327 |
||
| 001 | 86254 | ||
| 003 | NUST | ||
| 005 | 20180122101748.0 | ||
| 008 | 180122b xxu||||| |||| 00| 0 eng d | ||
| 020 | _a9789695732274 | ||
| 082 | _a891.4391 AMJ | ||
| 100 |
_aAmjad Islam Amjad _99447 |
||
| 245 |
_aShifting sands : poems of love and other verses _cAmjad Islam Amjad _hEnglish |
||
| 250 | _a1st | ||
| 260 |
_aLahore _bJahangir Books _c2011 |
||
| 300 | _a603 p. | ||
| 500 | _aGeneral Collection | ||
| 942 |
_aCAE NUST _cBK _k891.4391 AMJ _2ddc |
||